[Event "294th YMCA Autumn C"]
[Site "Warsaw"]
[Date "2024.09.27"]
[Round "1"]
[White "Sokolowski, Marcin"]
[Black "Niedzwiecki, Marek"]
[Result "1-0"]
[WhiteElo "1600"]
[BlackElo "1618"]
[PlyCount "79"]
[EventDate "2024.09.25"]
[EventType "tourn"]
[EventRounds "1"]
[EventCountry "POL"]
[SourceDate "2024.09.25"]

1. d4 d5 2. Bf4 Nf6 3. e3 Bf5 4. c4 c6 5. Nc3 e6 6. Qb3 b6 7. Nf3 Nh5 8. Bg5 f6
9. Bh4 g5 10. Bg3 Bd6 11. Bxd6 Qxd6 12. h3 Bg6 13. Be2 Nd7 14. Rc1 Ke7 15. cxd5
exd5 16. Nd2 a5 17. O-O Rhc8 18. e4 Nf4 19. Bf3 dxe4 20. Ndxe4 Qb4 21. Qd1 Nd5
22. Nxd5+ cxd5 23. Nc3 Qxb2 24. Qe1+ Kd6 25. Bxd5 Re8 26. Qd1 Rac8 27. Qf3 f5
28. Bb7 Rc7 29. Qd5+ Ke7 30. Rce1+ Kd8 31. Nb5 Rxb7 32. Qxb7 Qxb5 33. Qa8+ Nb8
34. Qxb8+ Kd7 35. Qb7+ Kd6 36. Rxe8 Bxe8 37. Qxh7 f4 38. Re1 Qb4 39. Qe7+ Kd5
40. Qxb4 1-0

[Event "294th YMCA Autumn C"]
[Site "Warsaw"]
[Date "2024.09.26"]
[Round "1"]
[White "Kuc, Mariusz"]
[Black "Wiktorowski, Janusz"]
[Result "1-0"]
[WhiteElo "1684"]
[BlackElo "1648"]
[PlyCount "61"]
[EventDate "2024.09.25"]
[EventType "tourn"]
[EventRounds "1"]
[EventCountry "POL"]
[SourceDate "2024.09.25"]

1. e4 e5 2. Nf3 Nc6 3. d4 exd4 4. Nxd4 Bc5 5. Nxc6 bxc6 6. Nc3 Qf6 7. Qf3 d6 8.
Be2 Qxf3 9. gxf3 Ne7 10. Rg1 Bd4 11. Bd2 g6 12. Rd1 Be6 13. b3 O-O 14. h4 f5
15. h5 fxe4 16. Nxe4 Bf5 17. Bg5 Bxe4 18. Rxd4 Bxc2 19. Bxe7 Rf7 20. Bg5 Re8
21. Be3 Bf5 22. hxg6 hxg6 23. Rh4 Rfe7 24. Kd2 d5 25. Bd3 Bxd3 26. Kxd3 Re6 27.
Rgh1 Kf7 28. Rh7+ Kf6 29. Bd4+ Kg5 30. Rg1+ Kf4 31. Rf7+ 1-0

[Event "294th YMCA Autumn C"]
[Site "Warsaw"]
[Date "2024.10.04"]
[Round "1"]
[White "Kozera, Konrad"]
[Black "Hartman, Aleksander"]
[Result "1/2-1/2"]
[WhiteElo "1576"]
[BlackElo "1683"]
[PlyCount "91"]
[EventDate "2024.09.25"]
[EventType "tourn"]
[EventRounds "1"]
[EventCountry "POL"]
[SourceDate "2024.09.25"]

1. e4 c6 2. Nc3 d5 3. Nf3 dxe4 4. Nxe4 Nf6 5. Nxf6+ exf6 6. Be2 Bd6 7. d4 O-O
8. h3 Nd7 9. O-O Re8 10. Re1 Nf8 11. c3 Bf5 12. Be3 Qd7 13. Bd3 Re7 14. Qc2 Bg6
15. Nh4 Bxd3 16. Qxd3 Rae8 17. Nf5 Re4 18. Nxd6 Qxd6 19. Bd2 Rxe1+ 20. Rxe1
Rxe1+ 21. Bxe1 Qe6 22. Qb1 Qe2 23. Qc1 Ne6 24. Qd2 Qe4 25. f3 Qb1 26. b3 g5 27.
Kh2 f5 28. Bf2 Qf1 29. d5 cxd5 30. Bxa7 Qb5 31. Qe3 Qa6 32. Qb6 Qxa2 33. Qxb7
Qd2 34. Qb8+ Kg7 35. Qe5+ Kf8 36. Bb8 Qd3 37. Qh8+ Ke7 38. Be5 f4 39. Qf6+ Kf8
40. b4 Qb1 41. Bd4 Nxd4 42. Qxd4 Qe1 43. Qh8+ Ke7 44. Qd4 Qg3+ 45. Kh1 Qe1+ 46.
Kh2 1/2-1/2

[Event "294th YMCA Autumn C"]
[Site "Warsaw"]
[Date "2024.09.25"]
[Round "1"]
[White "Klask, Franciszek"]
[Black "Glowacki, Mateusz"]
[Result "0-1"]
[WhiteElo "1672"]
[BlackElo "1635"]
[PlyCount "66"]
[EventDate "2024.09.25"]
[EventType "tourn"]
[EventRounds "1"]
[EventCountry "POL"]
[SourceDate "2024.09.25"]

1. d4 Nf6 2. c4 e5 3. Bg5 exd4 4. Qxd4 Nc6 5. Qd1 Bc5 6. e3 h6 7. Bxf6 Qxf6 8.
Qc2 d6 9. a3 Bf5 10. Qd2 Bxb1 11. Rxb1 O-O-O 12. b4 Bb6 13. Nf3 g5 14. g3 Qxf3
15. Rg1 Rhe8 16. Bg2 Qf5 17. Rb3 Nd4 18. Rd3 Nf3+ 19. Bxf3 Qxf3 20. a4 c6 21.
a5 Bc7 22. b5 Re5 23. g4 cxb5 24. cxb5 Rxb5 25. Rc3 Rb1+ 26. Rc1 Rxc1+ 27. Qxc1
Kb8 28. Qd2 Qf6 29. Ke2 Qe5 30. Rb1 Bxa5 31. Qb2 Qxb2+ 32. Rxb2 Rc8 33. Kd3 Rc5
0-1

[Event "294th YMCA Autumn C"]
[Site "Warsaw"]
[Date "2024.09.25"]
[Round "1"]
[White "Matyszkiewicz, Radoslaw"]
[Black "Ossolinski, Michal"]
[Result "1-0"]
[WhiteElo "1542"]
[BlackElo "1612"]
[PlyCount "119"]
[EventDate "2024.09.25"]
[EventType "tourn"]
[EventRounds "1"]
[EventCountry "POL"]
[SourceDate "2024.09.25"]

1. e4 d5 2. exd5 Nf6 3. Bb5+ Bd7 4. Bc4 Bg4 5. f3 Bf5 6. Nc3 Nbd7 7. d4 Nb6 8.
Bb3 Nfxd5 9. Nxd5 Nxd5 10. Ne2 e6 11. O-O Be7 12. c4 Nb4 13. Nf4 c6 14. a3 Na6
15. Re1 O-O 16. Be3 Qc7 17. Qe2 Bd6 18. g3 Rfe8 19. c5 Bf8 20. Nd3 Bxd3 21.
Qxd3 Rad8 22. Bg5 Rxd4 23. Qc3 Bxc5 24. Kh1 Rd7 25. f4 Bd4 26. Qc2 Nc5 27. Ba2
Qb6 28. Re2 Na6 29. f5 Nc7 30. Rae1 e5 31. f6 g6 32. Qe4 c5 33. Qh4 Qd6 34. Re4
Ne6 35. Bh6 b5 36. Bxe6 Rxe6 37. Bg7 Rxf6 38. Bxf6 Kf8 39. Qh6+ Ke8 40. Bxe5
Bxe5 41. Rxe5+ Re7 42. Rxe7+ Qxe7 43. Rxe7+ Kxe7 44. Qxh7 a5 45. Qh4+ f6 46.
Qh7+ Ke6 47. Qc7 Kd5 48. Qxa5 Kc4 49. Qc3+ Kd5 50. Qxf6 Kc4 51. Qxg6 Kb3 52.
Qf6 b4 53. axb4 cxb4 54. g4 Kc4 55. g5 b3 56. g6 Kd5 57. g7 Ke4 58. g8=Q Kd3
59. Qxb3+ Ke2 60. Qff3+ 1-0

[Event "294th YMCA Autumn C"]
[Site "Warsaw"]
[Date "2024.09.25"]
[Round "1"]
[White "Marczukiewicz, Slawomir"]
[Black "Jazdzyk, Bartosz"]
[Result "0-1"]
[WhiteElo "1637"]
[BlackElo "1663"]
[PlyCount "122"]
[EventDate "2024.09.25"]
[EventType "tourn"]
[EventRounds "1"]
[EventCountry "POL"]
[SourceDate "2024.09.25"]

1. d4 Nf6 2. c4 g6 3. Nc3 Bg7 4. e4 d6 5. Nf3 O-O 6. Be2 Bg4 7. Be3 Nfd7 8. Nd2
Bxe2 9. Qxe2 e5 10. d5 a5 11. h4 f5 12. f3 f4 13. Bf2 h6 14. O-O-O Na6 15. Kb1
Ndc5 16. Rdg1 a4 17. g4 Qd7 18. h5 g5 19. Rc1 Rfb8 20. Rh2 Bf8 21. Bxc5 Nxc5
22. Kc2 c6 23. Kd1 Be7 24. Ke1 Bd8 25. Kf1 Ba5 26. Ndb1 Bb6 27. Na3 Qc7 28. Qd1
Ra6 29. Rd2 Rd8 30. Nc2 Ba5 31. Ne1 Bb4 32. Nd3 Nxd3 33. Rxd3 Bxc3 34. Rdxc3 c5
35. Ra3 Qd7 36. Qd3 Rda8 37. Rb1 b5 38. cxb5 Rb6 39. b3 Qxb5 40. Qxb5 Rxb5 41.
Rc1 Rba5 42. bxa4 Rxa4 43. Rxa4 Rxa4 44. Rc2 Kf7 45. Ke2 Ke7 46. Rb2 Kd8 47.
Kd2 Kc7 48. Kc1 Ra3 49. Rf2 Kb6 50. Rb2+ Kc7 51. Rf2 c4 52. Kb2 Ra4 53. Kc3 Kb6
54. Rb2+ Kc5 55. Rb8 Ra3+ 56. Kb2 Rxf3 57. Rh8 c3+ 58. Kc2 Kc4 59. Rxh6 Rf2+
60. Kc1 Kd3 61. Rxd6 Rf1# 0-1

[Event "294th YMCA Autumn C"]
[Site "Warsaw"]
[Date "2024.09.25"]
[Round "1"]
[White "Przybylski, Marek"]
[Black "Sobieraj, Filip"]
[Result "1-0"]
[WhiteElo "1609"]
[BlackElo "1697"]
[PlyCount "71"]
[EventDate "2024.09.25"]
[EventType "tourn"]
[EventRounds "1"]
[EventCountry "POL"]
[SourceDate "2024.09.25"]

1. d4 Nf6 2. Nf3 e6 3. e3 c5 4. Bd3 Nc6 5. O-O cxd4 6. exd4 Be7 7. b3 b6 8.
Nbd2 d5 9. Bb2 Bb7 10. Re1 O-O 11. c4 Bd6 12. Ne5 dxc4 13. Ndxc4 Bxe5 14. dxe5
Ne8 15. Ba3 b5 16. Nd6 Nxd6 17. Bxd6 Ne7 18. Bxb5 Nf5 19. Bxf8 Qg5 20. g3 Rxf8
21. Bf1 Nh4 22. Re3 Nf5 23. Rd3 Nh4 24. f4 Qg6 25. Kf2 Nf5 26. Bg2 Bxg2 27.
Kxg2 h5 28. Rc1 Kh7 29. Kh1 Nh6 30. Qf3 Ng4 31. Rcd1 Rc8 32. h3 Rc2 33. R3d2
Rxd2 34. Rxd2 Qb1+ 35. Kg2 Nh6 36. Qd3+ 1-0

[Event "294th YMCA Autumn C"]
[Site "Warsaw"]
[Date "2024.10.04"]
[Round "2"]
[White "Niedzwiecki, Marek"]
[Black "Sobieraj, Filip"]
[Result "0-1"]
[WhiteElo "1618"]
[BlackElo "1697"]
[PlyCount "94"]
[EventDate "2024.09.25"]
[EventType "tourn"]
[EventRounds "1"]
[EventCountry "POL"]
[SourceDate "2024.09.25"]

1. e4 e6 2. d3 d5 3. Nd2 c5 4. g3 Nf6 5. Bg2 Nc6 6. c3 d4 7. Qe2 e5 8. h3 b6 9.
Ngf3 dxc3 10. bxc3 Ba6 11. Bf1 Qd6 12. Bb2 Rd8 13. c4 Nb4 14. Bxe5 Qc6 15. Qd1
Nxd3+ 16. Bxd3 Rxd3 17. Qe2 Rd7 18. O-O Qe6 19. Kh2 Be7 20. Bc3 O-O 21. Ng5 Qc6
22. Ndf3 h6 23. Ne5 Qc7 24. Nxd7 Qxd7 25. Nf3 Bb7 26. Ne5 Qe6 27. f3 Bd6 28.
Qb2 Nh5 29. f4 f6 30. Ng6 Qxe4 31. Nxf8 Nxg3 32. Kxg3 Qe3+ 33. Kh2 Bxf4+ 34.
Rxf4 Qxf4+ 35. Kg1 Qg3+ 36. Kf1 Be4 37. Qf2 Qxh3+ 38. Ke2 Qd3+ 39. Ke1 Qxc3+
40. Qd2 Qxa1+ 41. Ke2 Qe5 42. Nd7 Qh2+ 43. Ke3 Qxd2+ 44. Kxd2 Bc6 45. Nb8 Bb7
46. Nd7 Kf7 47. a4 Ke7 0-1

[Event "294th YMCA Autumn C"]
[Site "Warsaw"]
[Date "2024.10.02"]
[Round "2"]
[White "Jazdzyk, Bartosz"]
[Black "Przybylski, Marek"]
[Result "0-1"]
[WhiteElo "1663"]
[BlackElo "1609"]
[PlyCount "60"]
[EventDate "2024.09.25"]
[EventType "tourn"]
[EventRounds "1"]
[EventCountry "POL"]
[SourceDate "2024.09.25"]

1. d4 d5 2. c4 e6 3. Nc3 Nf6 4. cxd5 exd5 5. Bg5 c6 6. Qc2 Be7 7. e3 O-O 8. Bd3
Nbd7 9. Nge2 Re8 10. O-O Nf8 11. Rae1 Ng6 12. Nf4 Nxf4 13. Bxf4 h6 14. Qd1 Bd6
15. Bxd6 Qxd6 16. f3 Be6 17. Bb1 c5 18. Kh1 Rad8 19. Qd3 Bd7 20. a3 a6 21. Rg1
h5 22. Ref1 Re7 23. g4 hxg4 24. fxg4 Ne4 25. dxc5 Qxc5 26. Nxd5 Bc6 27. Rg2
Rxd5 28. Qe2 Rd2 29. Qf3 Rxg2 30. Ba2 Nf6 0-1

[Event "294th YMCA Autumn C"]
[Site "Warsaw"]
[Date "2024.10.02"]
[Round "2"]
[White "Ossolinski, Michal"]
[Black "Marczukiewicz, Slawomir"]
[Result "0-1"]
[WhiteElo "1612"]
[BlackElo "1637"]
[PlyCount "160"]
[EventDate "2024.09.25"]
[EventType "tourn"]
[EventRounds "1"]
[EventCountry "POL"]
[SourceDate "2024.09.25"]

1. e4 d6 2. d4 Nf6 3. Bd3 e5 4. Ne2 Nbd7 5. c4 g6 6. Nbc3 Bg7 7. O-O O-O 8. Be3
Ng4 9. Qd2 Nxe3 10. Qxe3 exd4 11. Nxd4 Ne5 12. Be2 Bd7 13. Rad1 Re8 14. Qg3 Nc6
15. Nxc6 bxc6 16. f3 Qb8 17. Rb1 Qb6+ 18. Kh1 Qe3 19. Qf2 Qh6 20. Nd1 c5 21.
Qe3 Qh4 22. g3 Qd8 23. Qd3 Rb8 24. b3 Bd4 25. Ne3 Bxe3 26. Qxe3 Bc6 27. Qd3 Qf6
28. Rbd1 Re7 29. Kg1 Rbe8 30. Rf2 g5 31. Rdf1 Qg6 32. Qd1 Qg7 33. Bd3 Qd4 34.
Qd2 f6 35. Bb1 Qxd2 36. Rxd2 Kg7 37. Kf2 a5 38. g4 h5 39. h3 Rh8 40. Kg3 h4+
41. Kf2 Ra8 42. Ke3 a4 43. Rc1 Ree8 44. Rb2 Reb8 45. Bc2 Kf7 46. Bd3 Ke6 47. f4
axb3 48. axb3 Ra3 49. Rcb1 Rba8 50. fxg5 fxg5 51. b4 Ke5 52. Rf1 Bxe4 53. Rd2
Rxd3+ 54. Rxd3 Bxd3 55. Kxd3 Ra3+ 56. Kc2 cxb4 57. Rf5+ Kd4 58. Rxg5 Kxc4 59.
Rf5 Rxh3 60. g5 Rh2+ 61. Kb1 Rg2 62. Rf4+ Kb3 63. Rf3+ Ka4 64. Rh3 Rxg5 65.
Rxh4 Rg2 66. Rh8 c5 67. Rh6 Kb3 68. Rh3+ Kc4 69. Rh4+ Kb5 70. Rh8 d5 71. Rh5
Kc4 72. Rh4+ d4 73. Rh3 d3 74. Rh1 Kb3 75. Rd1 c4 76. Ka1 Ra2+ 77. Kb1 d2 78.
Rh1 c3 79. Rc1 Rb2+ 80. Ka1 dxc1=Q# 0-1

[Event "294th YMCA Autumn C"]
[Site "Warsaw"]
[Date "2024.10.02"]
[Round "2"]
[White "Glowacki, Mateusz"]
[Black "Matyszkiewicz, Radoslaw"]
[Result "1-0"]
[WhiteElo "1635"]
[BlackElo "1542"]
[PlyCount "65"]
[EventDate "2024.09.25"]
[EventType "tourn"]
[EventRounds "1"]
[EventCountry "POL"]
[SourceDate "2024.09.25"]

1. e4 c5 2. a3 Nc6 3. b4 cxb4 4. axb4 Nxb4 5. c3 Nc6 6. d4 e6 7. d5 exd5 8.
exd5 Ne5 9. d6 Qf6 10. Ba3 Qe6 11. Be2 Nc4 12. Nf3 Nxa3 13. Nxa3 Qxd6 14. Qc2
Qg6 15. Qxg6 hxg6 16. Nb5 Kd8 17. Nxa7 Kc7 18. O-O Kb8 19. Nxc8 Bc5 20. Rxa8+
Kxa8 21. Rd1 Nf6 22. Nd6 Ng4 23. Ne4 Bb6 24. h3 Re8 25. hxg4 Rxe4 26. Rd2 Rxg4
27. Ra2+ Kb8 28. Ne5 Rf4 29. Nxd7+ Kc7 30. Nxb6 Kxb6 31. Bf3 Rc4 32. Rb2+ Ka5
33. Rxb7 1-0

[Event "294th YMCA Autumn C"]
[Site "Warsaw"]
[Date "2024.10.02"]
[Round "2"]
[White "Hartman, Aleksander"]
[Black "Klask, Franciszek"]
[Result "1/2-1/2"]
[WhiteElo "1683"]
[BlackElo "1672"]
[PlyCount "86"]
[EventDate "2024.09.25"]
[EventType "tourn"]
[EventRounds "1"]
[EventCountry "POL"]
[SourceDate "2024.09.25"]

1. e4 c6 2. d4 d5 3. e5 Bf5 4. h4 h5 5. Bg5 Qb6 6. Bd3 Bxd3 7. Qxd3 e6 8. Nd2
c5 9. c4 Nc6 10. cxd5 Nb4 11. Qb3 Nxd5 12. Qa4+ Qc6 13. Qxc6+ bxc6 14. Ne2 Nge7
15. O-O Rb8 16. b3 cxd4 17. Nxd4 c5 18. N4f3 f6 19. exf6 gxf6 20. Be3 Nxe3 21.
fxe3 Bh6 22. Rfe1 Nd5 23. e4 Nf4 24. g3 Rg8 25. Kh2 Rd8 26. Nc4 Rd3 27. Re3
Rxe3 28. Nxe3 Ne2 29. Nf1 Rg4 30. e5 f5 31. Rd1 f4 32. gxf4 Bxf4+ 33. Kh3 Bg3
34. Kg2 Bxh4+ 35. Kh2 Nd4 36. Nxd4 Rxd4 37. Rc1 Bf2 38. Kg2 Rf4 39. Ng3 Bd4 40.
Nxh5 Rg4+ 41. Kf3 Rg5 42. Nf6+ Ke7 43. Ng4 Rf5+ $11 1/2-1/2

[Event "294th YMCA Autumn C"]
[Site "Warsaw"]
[Date "2024.10.03"]
[Round "2"]
[White "Wiktorowski, Janusz"]
[Black "Kozera, Konrad"]
[Result "1-0"]
[WhiteElo "1648"]
[BlackElo "1576"]
[PlyCount "73"]
[EventDate "2024.09.25"]
[EventType "tourn"]
[EventRounds "1"]
[EventCountry "POL"]
[SourceDate "2024.09.25"]

1. e4 c5 2. Nf3 d6 3. d4 cxd4 4. Nxd4 Nf6 5. Nc3 a6 6. a4 e5 7. Nb3 Be7 8. Be2
O-O 9. Be3 Be6 10. O-O d5 11. exd5 Nxd5 12. Nxd5 Bxd5 13. c4 Bc6 14. Qc2 Nd7
15. Rfd1 Qc7 16. c5 Nf6 17. Nd2 Nd5 18. a5 Nxe3 19. fxe3 Bg5 20. Qc3 Rfe8 21.
b4 Re6 22. Nc4 Bb5 23. e4 Rh6 24. g3 Qc6 25. Bf3 Qe6 26. Ne3 Qh3 27. Ra2 Qe6
28. Rad2 f5 29. Rd6 Qa2 30. Rxh6 Bxh6 31. Nxf5 Bg5 32. Qxe5 Bf6 33. Qd5+ Qxd5
34. exd5 Bc3 35. c6 bxc6 36. dxc6 Be5 37. c7 1-0

[Event "294th YMCA Autumn C"]
[Site "Warsaw"]
[Date "2024.10.04"]
[Round "2"]
[White "Sokolowski, Marcin"]
[Black "Kuc, Mariusz"]
[Result "1/2-1/2"]
[WhiteElo "1600"]
[BlackElo "1684"]
[PlyCount "93"]
[EventDate "2024.09.25"]
[EventType "tourn"]
[EventRounds "1"]
[EventCountry "POL"]
[SourceDate "2024.09.25"]

1. d4 Nf6 2. Bf4 e6 3. e3 b6 4. Nd2 Bb7 5. Ngf3 Be7 6. h3 O-O 7. Bd3 d5 8. O-O
c5 9. c3 Nc6 10. Bh2 Rc8 11. Ne5 Nxe5 12. Bxe5 Bd6 13. f4 Ne4 14. Nxe4 dxe4 15.
Bc2 f6 16. Bxd6 Qxd6 17. Qg4 cxd4 18. exd4 f5 19. Qe2 Rf6 20. a4 Rg6 21. g4 Qd5
22. Rae1 Rf6 23. Kh2 Qd6 24. g5 Rff8 25. Ra1 Bd5 26. Qe3 Qc7 27. Rfc1 h6 28.
gxh6 g6 29. Rg1 Rf6 30. Rg5 Qh7 31. a5 b5 32. Bd1 Kf7 33. a6 Qxh6 34. Be2 b4
35. cxb4 Qf8 36. b5 Qb4 37. Rgg1 Kg7 38. Rgc1 Rff8 39. Rxc8 Rxc8 40. Rc1 Rxc1
41. Qxc1 Qxd4 42. Kg3 Kf6 43. Qc3 e5 44. h4 Qg1+ 45. Kh3 Qd4 46. Kg3 Qg1+ 47.
Kh3 1/2-1/2

[Event "294th YMCA Autumn C"]
[Site "Warsaw"]
[Date "2024.10.10"]
[Round "3"]
[White "Kuc, Mariusz"]
[Black "Niedzwiecki, Marek"]
[Result "0-1"]
[WhiteElo "1684"]
[BlackElo "1618"]
[PlyCount "136"]
[EventDate "2024.09.25"]
[EventType "tourn"]
[EventRounds "1"]
[EventCountry "POL"]
[SourceDate "2024.09.25"]

1. e4 e5 2. Nf3 Nc6 3. d4 d6 4. dxe5 Nxe5 5. Nxe5 dxe5 6. Qxd8+ Kxd8 7. Nc3 c6
8. a4 Be6 9. Bd3 Bb4 10. Bd2 a5 11. O-O Ne7 12. Rad1 Kc7 13. f4 Bc5+ 14. Kh1 f6
15. Ne2 Rhd8 16. Ng3 g6 17. f5 gxf5 18. exf5 Bd5 19. Be4 Bf7 20. Bf3 Bc4 21.
Be2 Bxe2 22. Nxe2 Nd5 23. Nc3 Nxc3 24. Bxc3 Bd4 25. Bxd4 Rxd4 26. Rxd4 exd4 27.
g4 Kd6 28. Kg2 Re8 29. Rf2 Re3 30. h4 h6 31. g5 hxg5 32. hxg5 fxg5 33. f6 Re8
34. Kg3 Rf8 35. Kg4 Ke6 36. Kxg5 Rg8+ 37. Kf4 Kxf6 38. Ke4+ Ke6 39. b3 Rg4+ 40.
Kd3 b5 41. Rf8 bxa4 42. bxa4 Kd5 43. Rf5+ Kd6 44. Rxa5 c5 45. Ra8 Rg3+ 46. Kd2
Kd5 47. a5 Kc4 48. Rb8 Ra3 49. Ra8 Kb5 50. a6 Kb6 51. a7 Kb7 52. Rb8+ Kxa7 53.
Rb5 Rc3 54. Rb2 Ka6 55. Kd1 Ka5 56. Ke2 Ka4 57. Kd2 Rg3 58. Rb8 c4 59. Rd8 Rg2+
60. Kd1 Kb4 61. Rxd4 Kc3 62. Rh4 Rd2+ 63. Kc1 Rxc2+ 64. Kb1 Re2 65. Rh1 Kb3 66.
Rg1 c3 67. Kc1 Ra2 68. Kb1 c2+ 0-1

[Event "294th YMCA Autumn C"]
[Site "Warsaw"]
[Date "2024.10.11"]
[Round "3"]
[White "Kozera, Konrad"]
[Black "Sokolowski, Marcin"]
[Result "0-1"]
[WhiteElo "1576"]
[BlackElo "1600"]
[PlyCount "64"]
[EventDate "2024.09.25"]
[EventType "tourn"]
[EventRounds "1"]
[EventCountry "POL"]
[SourceDate "2024.09.25"]

1. e4 c5 2. Nf3 d6 3. d4 cxd4 4. Nxd4 Nf6 5. Nc3 a6 6. f3 e5 7. Nb3 Be6 8. Be3
Be7 9. Qd2 O-O 10. O-O-O b5 11. g4 b4 12. Nd5 Bxd5 13. exd5 a5 14. Kb1 Na6 15.
h4 Qc7 16. h5 Nd7 17. g5 g6 18. hxg6 fxg6 19. Qh2 Rf7 20. Bd3 Nf8 21. f4 a4 22.
Nd2 exf4 23. Bxf4 Nc5 24. Ne4 Nxe4 25. Bxe4 a3 26. b3 Qc3 27. Kc1 Qb2+ 28. Kd2
Qd4+ 29. Kc1 Qxe4 30. Bxd6 Bxd6 31. Qxd6 Rc8 32. Rd2 Qxh1+ 0-1

[Event "294th YMCA Autumn C"]
[Site "Warsaw"]
[Date "2024.10.09"]
[Round "3"]
[White "Matyszkiewicz, Radoslaw"]
[Black "Hartman, Aleksander"]
[Result "0-1"]
[WhiteElo "1542"]
[BlackElo "1683"]
[PlyCount "90"]
[EventDate "2024.09.25"]
[EventType "tourn"]
[EventRounds "1"]
[EventCountry "POL"]
[SourceDate "2024.09.25"]

1. e4 g6 2. d4 Bg7 3. f4 c5 4. c3 Qb6 5. Nf3 cxd4 6. cxd4 Nc6 7. e5 Nh6 8. Nc3
O-O 9. Na4 Qc7 10. Bd2 d6 11. Rc1 Be6 12. Nc3 Bg4 13. d5 Bxf3 14. Qxf3 Nd4 15.
Qe4 dxe5 16. fxe5 Ndf5 17. Bf4 Ng4 18. h3 Bxe5 19. Ne2 Qa5+ 20. b4 Qxa2 21.
Bxe5 Nxe5 22. Qxe5 Rac8 23. Rc5 b6 24. Rc6 Qb1+ 25. Kf2 Rxc6 26. dxc6 Qxb4 27.
g4 Nd6 28. Bg2 Nc4 29. Qd4 e5 30. Qd5 a5 31. Rc1 b5 32. c7 a4 33. Qd7 Qc5+ 34.
Ke1 e4 35. Bxe4 Qb4+ 36. Nc3 Nd6 37. Bc6 a3 38. Bd5 Qc5 39. Qe7 b4 40. Ne2 Qxd5
41. Qd7 a2 42. c8=Q Rxc8 43. Rxc8+ Nxc8 44. Qxc8+ Kg7 45. Qc1 Qh1+ 0-1

[Event "294th YMCA Autumn C"]
[Site "Warsaw"]
[Date "2024.10.09"]
[Round "3"]
[White "Marczukiewicz, Slawomir"]
[Black "Glowacki, Mateusz"]
[Result "1/2-1/2"]
[WhiteElo "1637"]
[BlackElo "1635"]
[PlyCount "66"]
[EventDate "2024.09.25"]
[EventType "tourn"]
[EventRounds "1"]
[EventCountry "POL"]
[SourceDate "2024.09.25"]

1. d4 e6 2. Bf4 c5 3. e3 Qb6 4. Na3 cxd4 5. exd4 Bxa3 6. bxa3 Nf6 7. Nf3 Qa5+
8. Bd2 Qxa3 9. Rb1 Nc6 10. Bc4 a6 11. O-O O-O 12. Re1 b5 13. Bb3 a5 14. c4 a4
15. cxb5 axb3 16. Rxb3 Qxa2 17. bxc6 dxc6 18. Ne5 c5 19. Rg3 Ra3 20. dxc5 Rxg3
21. hxg3 Rd8 22. Nf3 Bb7 23. Qb1 Qxb1 24. Rxb1 Be4 25. Rb2 h6 26. Ne5 Rd5 27.
c6 Rc5 28. Be3 Rc3 29. Nd7 Rxc6 30. Rb8+ Kh7 31. Nf8+ Kg8 32. Nxe6+ Kh7 33.
Nf8+ Kg8 1/2-1/2

[Event "294th YMCA Autumn C"]
[Site "Warsaw"]
[Date "2024.10.10"]
[Round "3"]
[White "Przybylski, Marek"]
[Black "Ossolinski, Michal"]
[Result "1-0"]
[WhiteElo "1609"]
[BlackElo "1612"]
[PlyCount "139"]
[EventDate "2024.09.25"]
[EventType "tourn"]
[EventRounds "1"]
[EventCountry "POL"]
[SourceDate "2024.09.25"]

1. d4 Nf6 2. Nf3 e6 3. e3 c5 4. Bd3 Nc6 5. O-O Nb4 6. Be2 d5 7. a3 Nc6 8. b3
cxd4 9. exd4 Be7 10. Bb2 b6 11. Nbd2 Bb7 12. Re1 O-O 13. Bd3 Re8 14. Rc1 Rc8
15. c4 Na5 16. Ne5 Rc7 17. Qe2 Bf8 18. Kh1 Nd7 19. Bxh7+ Kxh7 20. Qh5+ Kg8 21.
Qxf7+ Kh7 22. Re3 Be7 23. Rh3+ Bh4 24. Qh5+ Kg8 25. Rxh4 Nxe5 26. dxe5 Qd7 27.
Qh7+ Kf8 28. a4 Ke7 29. Qxg7+ Kd8 30. Qxd7+ Rxd7 31. c5 Bc6 32. cxb6 axb6 33.
b4 Nc4 34. Nxc4 dxc4 35. Rhxc4 Bxa4 36. Bd4 b5 37. Rc8+ Ke7 38. Bc5+ Kf7 39.
Rxe8 Kxe8 40. Bd6 Kf7 41. Rc7 Rxc7 42. Bxc7 Bb3 43. h3 Kg6 44. Kh2 Bc4 45. Kg3
Be2 46. f3 Kf5 47. h4 Bf1 48. Kf2 Bd3 49. Ke3 Bf1 50. g4+ Kg6 51. Kf4 Bd3 52.
Bd8 Be2 53. Be7 Bd3 54. h5+ Kh6 55. Bf8+ Kh7 56. Kg5 Kg8 57. Be7 Kf7 58. Bf6
Kg8 59. f4 Kh7 60. f5 Bc4 61. Be7 Kg7 62. h6+ Kf7 63. Bf6 exf5 64. h7 fxg4 65.
h8=Q Ke6 66. Kxg4 Be2+ 67. Kf4 Bd3 68. Qd8 Bc4 69. Qd6+ Kf7 70. Qe7+ 1-0

[Event "294th YMCA Autumn C"]
[Site "Warsaw"]
[Date "2024.10.09"]
[Round "3"]
[White "Sobieraj, Filip"]
[Black "Jazdzyk, Bartosz"]
[Result "0-1"]
[WhiteElo "1697"]
[BlackElo "1663"]
[PlyCount "44"]
[EventDate "2024.09.25"]
[EventType "tourn"]
[EventRounds "1"]
[EventCountry "POL"]
[SourceDate "2024.09.25"]

1. e4 e6 2. d4 d5 3. e5 c5 4. c3 Nc6 5. Nf3 Qb6 6. a3 Nh6 7. Bd3 Bd7 8. Bc2
cxd4 9. cxd4 Nf5 10. Bxf5 exf5 11. Nc3 Be6 12. Qd3 Be7 13. b4 Rc8 14. Be3 Nxb4
15. Qd2 Qa6 16. axb4 Qxa1+ 17. Nd1 Qa6 18. Qb2 O-O 19. b5 Qa3 20. Qe2 Bb4+ 21.
Kf1 a6 22. g3 Bd7 0-1

[Event "294th YMCA Autumn C"]
[Site "Warsaw"]
[Date "2024.10.18"]
[Round "4"]
[White "Niedzwiecki, Marek"]
[Black "Jazdzyk, Bartosz"]
[Result "0-1"]
[WhiteElo "1618"]
[BlackElo "1663"]
[PlyCount "144"]
[EventDate "2024.09.25"]
[EventType "tourn"]
[EventRounds "1"]
[EventCountry "POL"]
[SourceDate "2024.09.25"]

1. e4 e6 2. d3 d5 3. Nd2 Nf6 4. Ngf3 c5 5. g3 g6 6. Bg2 Bg7 7. O-O O-O 8. Re1
Nc6 9. Qe2 b6 10. c3 Ba6 11. Rb1 dxe4 12. Nxe4 Bxd3 13. Nxf6+ Bxf6 14. Qe3 Bxb1
15. Nd2 Bxa2 16. Bxc6 Rc8 17. Bg2 Bd5 18. f3 a5 19. Rd1 Qc7 20. Bf1 Rfd8 21.
Ba6 Ra8 22. Be2 Qb7 23. Qf4 Bg7 24. h4 e5 25. Qg5 h6 26. Qg4 Be6 27. Qa4 Bd7
28. Qc4 b5 29. Qxc5 Qa7 30. Ne4 Qxc5+ 31. Nxc5 Be8 32. Re1 Rdc8 33. Be3 Bf8 34.
Ne4 Kg7 35. f4 f5 36. Nf2 e4 37. g4 Bc5 38. Nd1 b4 39. Kf2 Bxe3+ 40. Kxe3 Ba4
41. cxb4 axb4 42. Rg1 Kf6 43. g5+ hxg5 44. hxg5+ Kg7 45. Nf2 Rc2 46. Rb1 b3 47.
Nd1 Rh8 48. Nf2 Rhc8 49. Ra1 Be8 50. Ra7+ R8c7 51. Ra8 Bf7 52. Nd1 Bc4 53. Bxc4
R2xc4 54. Rb8 Rc1 55. Nc3 R1xc3+ 56. bxc3 Rxc3+ 57. Kd4 Rd3+ 58. Ke5 e3 59.
Rb7+ Kf8 60. Ke6 Rd8 61. Rxb3 Re8+ 62. Kf6 e2 63. Rh3 Re6+ 64. Kxe6 e1=Q+ 65.
Kf6 Qe7+ 66. Kxg6 Qg7+ 67. Kxf5 Qd7+ 68. Kg6 Qxh3 69. f5 Qd3 70. Kh6 Qxf5 71.
g6 Qf6 72. Kh5 Kg7 0-1

[Event "294th YMCA Autumn C"]
[Site "Warsaw"]
[Date "2024.10.25"]
[Round "4"]
[White "Ossolinski, Michal"]
[Black "Sobieraj, Filip"]
[Result "0-1"]
[WhiteElo "1612"]
[BlackElo "1697"]
[PlyCount "104"]
[EventDate "2024.09.25"]
[EventType "tourn"]
[EventRounds "1"]
[EventCountry "POL"]
[SourceDate "2024.09.25"]

1. b3 e5 2. Bb2 Nc6 3. e3 d5 4. Nf3 e4 5. Nd4 Nf6 6. a3 Nxd4 7. Bxd4 c5 8. Bb5+
Bd7 9. Bxd7+ Qxd7 10. Be5 Bd6 11. Bxd6 Qxd6 12. d3 O-O 13. Nd2 Rfe8 14. dxe4
Nxe4 15. Nxe4 Rxe4 16. O-O Rae8 17. Qf3 d4 18. Rad1 Qe5 19. exd4 cxd4 20. Rd3
h6 21. g3 Re2 22. Qxb7 Rxc2 23. Qxa7 Rd8 24. Qb7 Rd5 25. a4 Qe4 26. Qa6 Rf5 27.
Rdd1 Rf3 28. Rfe1 Qf5 29. Qa8+ Kh7 30. Qe4 Qxe4 31. Rxe4 Rfxf2 32. Rexd4 Rg2+
33. Kh1 Rxh2+ 34. Kg1 Rhg2+ 35. Kh1 Rxg3 36. R1d3 Rgg2 37. b4 Rge2 38. Rd1 Ra2
39. b5 Reb2 40. R1d2 Rxd2 41. Rxd2 Rxd2 42. b6 Rb2 43. a5 Rb5 44. Kg2 Rxa5 45.
b7 Rb5 46. Kf3 Rxb7 47. Kf4 h5 48. Kg5 Rb5+ 49. Kh4 Kg6 50. Kg3 Kf5 51. Kh4 Rb3
52. Kxh5 Rh3# 0-1